000
00226nam a2200097Ia 4500
008
230605s9999 xx 000 0 und d
041
_a
eng
100
_a
lilicrap
245
_a
food and beverage service(9th ed
650
_a
F. B.
999
_c
416992
_d
416992